[Event "19th Lviv Tradition 2018"]
[Site "Lviv"]
[Date "2018.01.25"]
[Round "7"]
[White "Medvedyk, Volodymyr"]
[Black "Bets, Anatolij"]
[Result "1/2-1/2"]
[WhiteElo "2116"]
[BlackElo "2266"]
[Annotator "NA"]
[PlyCount "66"]
[EventDate "2018.??.??"]
[EventType "tourn"]
[EventCountry "UKR"]
[SourceTitle "playchess.com"]
[Source "ChessBase"]
[SourceQuality "1"]
[TimeControl "5400+30"]

1. d4 {[%emt 0:01:04]} Nf6 {[%emt 0:00:19]} 2. c4 {[%emt 0:00:23]} e6 {[%emt 0:00:33]} 3. g3 {[%emt 0:00:11]} d5 {[%emt 0:01:21]} 4. Nf3 {[%emt 0:00:27]} dxc4 {[%emt 0:01:01]} 5. Bg2 {[%emt 0:00:34]} c5 {[%emt 0:01:47]} 6. O-O {[%emt 0:13:45]} Nc6 {[%emt 0:01:50]} 7. dxc5 {[%emt 0:03:45]} Bxc5 {[%emt 0:16:48]} 8. Qxd8+ {[%emt 0:10:03] E04: Open Catalan: 5 Nf3} (8. Qa4 O-O 9. Qxc4 Be7 10. Nc3 Bd7 11. Rd1 Rc8 12. Bg5 h6 13. Bxf6 Bxf6 14. Qd3 Qb6 15. Ne4 Be7 16. Nd6 Rcd8 17. Qb3 Qc7 18. Nb5 Qb8 19. Nbd4 Bf6 {½-½ (38) Bu,X (2710)-Lu,S (2615) Taizhou 2015}) 8... Kxd8 {[%emt 0:00:13] LiveBook: 21 Games} 9. Nbd2 {[%emt 0:00:43]} Bd7 {[%emt 0:05:26]} 10. Nxc4 {[%emt 0:01:06]} Rc8 {[%emt 0:02:20]} 11. Nfe5 {[%emt 0:06:15]} Ke7 $1 {[%emt 0:00:40]} 12. Nd3 $146 {[%emt 0:02:11]} ({Predecessor:} 12. Bg5 Nxe5 13. Nxe5 h6 14. Bxf6+ gxf6 15. Nxd7 Kxd7 16. Bxb7 {½-½ (63) Maze,S (2546)-Sokolov,A (2570) Nimes 2009}) 12... Nd4 {[%emt 0:03:45]} 13. Bxb7 {[%emt 0:10:11]} Nxe2+ {[%emt 0:18:16]} 14. Kg2 {[%emt 0:00:52]} Nxc1 {[%emt 0:13:48]} 15. Raxc1 {[%emt 0:08:19]} Rc7 {[%emt 0:01:40]} 16. Nce5 {[%emt 0:03:35]} Bd6 {[%emt 0:02:47]} 17. Rxc7 {[%emt 0:01:15]} Bxc7 {[%emt 0:00:02]} 18. Nxd7 {[%emt 0:01:19]} Nxd7 {[%emt 0:00:15]} 19. Nb4 {[%emt 0:04:19]} Nb8 $11 {[%emt 0:03:23]} 20. Rc1 {[%emt 0:10:06]} Bd6 {[%emt 0:00:37]} 21. a3 {[%emt 0:01:16]} Rd8 {[%emt 0:00:41]} 22. Nc6+ {[%emt 0:07:17]} Nxc6 {[%emt 0:00:19]} 23. Bxc6 {[%emt 0:00:11]} Rc8 {[%emt 0:03:21]} 24. Rc4 {[%emt 0:01:47]} g5 {[%emt 0:00:36]} 25. h3 {[%emt 0:01:39]} h6 {[%emt 0:00:09]} 26. a4 {[%emt 0:00:35]} a5 {[%emt 0:00:23]} 27. Bb5 {[%emt 0:00:14]} Rxc4 {[%emt 0:00:10]} 28. Bxc4 {[%emt 0:00:03]} f5 {[%emt 0:00:13]} 29. g4 {[%emt 0:00:36]} Kf6 {[%emt 0:00:14]} 30. Kf3 {[%emt 0:00:15]} Be5 {[%emt 0:00:22]} 31. b3 {[%emt 0:00:10]} Bc3 {[%emt 0:00:09]} 32. Bd3 {[%emt 0:00:23]} Ke5 {[%emt 0:00:09]} 33. Bc4 {[%emt 0:00:06]} Bb4 {Ke4+} 1/2-1/2

[Event "19th Lviv Tradition 2018"]
[Site "Lviv"]
[Date "2018.01.26"]
[Round "8"]
[White "Bets, Anatolij"]
[Black "Moliboga, V."]
[Result "0-1"]
[WhiteElo "2266"]
[BlackElo "2310"]
[Annotator "TA"]
[PlyCount "106"]
[EventDate "2018.??.??"]
[EventType "tourn"]
[EventCountry "UKR"]
[SourceTitle "playchess.com"]
[Source "ChessBase"]
[SourceQuality "1"]

{[%evp 13,106,34,51,20,12,9,18,0,4,0,0,0,26,22,20,0,0,0,21,0,0,0,18,0,29,27,58,26,31,35,35,10,19,-8,12,-1,-5,-35,-27,-35,0,-3,0,-35,-33,-28,-38,-24,-20,-53,-53,-51,-39,-83,-73,-85,-86,-87,-19,-25,35,-98,-93,-85,-73,-58,-28,-28,-27,-100,-100,-107,-10,-87,-83,-85,-18,-97,-83,-144,-105,-196,-161,-399,-387,-2464,-2143,-2131,-2008,-29971,-29972,-29973,-29970,-29982,-29982]} 1. d4 g6 2. c4 Bg7 3. e4 Nc6 4. Ne2 d6 5. Nbc3 e5 6. Be3 f5 7. exf5 {A42: Modern Defence: Averbakh Variation} Bxf5 {LiveBook: 25 Games} 8. dxe5 dxe5 $146 ({Predecessor:} 8... Nxe5 9. Nd4 Nf6 10. Nxf5 gxf5 11. Be2 Nfg4 12. O-O Nxe3 13. Bh5+ Kd7 14. fxe3 Qg5 {1-0 (43) Matlakov,M (2728)-Andreikin,D (2706) Tbilisi 2017}) 9. Ng3 {The position is equal.} Nge7 {[%cal Bg8e7,Be7f5,Bf5d4][%mdl 32]} 10. Be2 Nd4 {White must now prevent ...Nc2+.} 11. Nce4 O-O 12. O-O Bxe4 13. Nxe4 Nef5 14. Bxd4 Nxd4 15. Re1 Qd7 16. Rc1 Rad8 17. Rc3 Qc6 18. Bd3 Rd7 19. b4 b6 20. h3 Kh8 21. Qb1 Ne6 22. Bf1 Rd4 23. f3 Rfd8 24. Qc1 Qd7 25. Qc2 Qe7 26. a3 a5 27. bxa5 bxa5 28. c5 Bh6 29. Rd3 Rxd3 30. Bxd3 Qh4 31. Rd1 Be3+ 32. Kh2 Ng5 33. Nxg5 Bf4+ $1 34. Kg1 Qxg5 35. Be4 Rb8 (35... Rxd1+ $17 36. Qxd1 Bg3) 36. c6 Kg7 (36... Be3+ $11 37. Kh2 Bd4) 37. Rb1 (37. Rd7+ $14 Kh6 38. Kf1 (38. Rxc7 Be3+ 39. Kf1 Bd4 $11)) 37... Bg3 38. Rd1 Qe3+ 39. Kh1 Qxa3 {And now ...Qe3 would win.} 40. Qd2 $1 {[%cal Rd2g5]} Rf8 41. Qg5 (41. Qd5 $11) 41... Bf4 $17 42. Qh4 {[#] aiming for Rd7+.} Rf7 ({Black should play} 42... Bd2 $1 $17 {[%mdl 512]}) 43. g3 (43. Qd8 $11) 43... Be3 44. Qd8 Qe7 $40 {[%mdl 128] Black is up to no good.} ({Better is} 44... Bd4 $17 45. Rxd4 exd4 46. Qxd4+ Kh6 47. Qd2+ g5) 45. Qd3 (45. Qxe7 $11 {keeps the balance.} Rxe7 46. Rd8) 45... Bd4 46. Bd5 ({White should try} 46. Qc4) 46... Rf6 47. Qe4 (47. Qa6 $17) 47... Qa3 48. f4 $2 (48. Qc2 {is a better defense.}) 48... Qxg3 $19 {[%cal Rg3h3]} 49. Rxd4 $2 (49. Qf3 Qh4 50. Qg4 Qxg4 51. hxg4) 49... Qxh3+ ({Not} 49... exd4 50. Qe7+ Kh6 51. Qxf6 $11) 50. Kg1 Qg3+ 51. Kh1 Qh4+ {Black mates.} 52. Kg2 exd4 53. Qe7+ Kh6 {Precision: White = 30%, Black = 53%.} 0-1

[Event "19th Lviv Tradition 2018"]
[Site "Lviv"]
[Date "2018.01.26"]
[Round "8"]
[White "Sevostianov, Pavel"]
[Black "Bykovskiy, Oleg"]
[Result "0-1"]
[WhiteElo "2266"]
[BlackElo "2197"]
[Annotator "TA"]
[PlyCount "92"]
[EventDate "2018.??.??"]
[EventType "tourn"]
[EventCountry "UKR"]
[SourceTitle "playchess.com"]
[Source "ChessBase"]
[SourceQuality "1"]

{[%evp 10,92,20,4,68,76,71,77,86,87,89,33,32,31,41,45,53,39,61,66,71,80,120,35,45,45,52,45,35,36,29,0,0,0,29,17,44,33,31,31,54,0,30,11,42,29,50,0,66,0,23,-63,-33,-127,-130,-126,-137,-131,-135,-131,-58,-106,-111,-666,-649,-918,-918,-918,-918,-918,-918,-918,-918,-906,-486,-479,-473,-479,-477,-469,-465,-424,-415,-465,-275]} 1. Nf3 d5 2. g3 Nf6 3. Bg2 g6 4. O-O Bg7 5. c4 c6 6. cxd5 {LiveBook: 115 Games. A11: English Opening: 1...c6} (6. d4 O-O 7. cxd5 cxd5 8. Ne5 e6 9. Nc3 Bd7 10. Bf4 Nc6 11. Nxc6 Bxc6 12. Rc1 Qb6 13. Qd2 Rac8 14. Bd6 Rfd8 15. Bc5 Qa6 16. Rfe1 Ne4 17. Bxe4 dxe4 18. Qf4 Rd7 19. Nxe4 Bxe4 20. Qxe4 {1-0 (41) Adly,A (2637)-Fressinet,L (2662) Riadh 2017}) 6... Qxd5 (6... cxd5 $11 7. Qb3 Nc6) 7. Nc3 Qh5 8. Qb3 {White is better.} O-O 9. d4 Nbd7 $146 ({Predecessor:} 9... Nd5 10. Ng5 h6 11. Nxd5 cxd5 12. Bf3 Bg4 13. Qxb7 Nd7 14. Bxg4 Qxg4 15. Nf3 Nb6 16. Rd1 g5 {0-1 (35) Dappiano,A (1914)-Sernagiotto,M (2128) Pisignano di Vernole 2007}) 10. a4 (10. h3 $16) 10... e5 $14 11. dxe5 Nxe5 12. Nxe5 Qxe5 13. a5 $1 Qe7 {[#]} 14. a6 $1 {[%mdl 512]} bxa6 15. Bxc6 Bh3 {White should prevent ...Rab8.} 16. Bg2 (16. Bxa8 $16 Bxf1 17. Qb7 (17. Kxf1 Rxa8 18. Rxa6 Ng4 $16) 17... Qxb7 18. Bxb7) 16... Bxg2 17. Kxg2 Rab8 18. Qc4 Rb6 19. f3 Qb7 20. Rf2 Rc8 21. Qa4 h5 22. e4 Nd7 {[%cal Bf6d7,Bd7c5,Bc5b3,Bb3d4,Bd4c2][%mdl 32]} 23. Nd5 {Ne7+ is the strong threat.} Nc5 24. Qd1 Rb3 25. Ra3 (25. Rc2 $14) 25... Kh7 26. Rxb3 Nxb3 27. Be3 a5 28. Bg5 Rc6 (28... Bd4 $11) 29. h4 ({Better is} 29. Ne7 $14 Rc5 30. Nd5) 29... Nd4 30. Qd3 (30. Be3 $11 Nb3 31. Qf1) 30... a4 $1 $15 31. Be3 ({White should try} 31. Qd1 $1 $15) 31... Qb3 $17 32. Qxb3 axb3 33. f4 a5 34. e5 Nc2 (34... Nf5 $17 35. Bd2 Rc2) 35. Bd2 {[#]} a4 $1 {[%cal Ra4a3] Hoping for ...a3.} 36. Bc3 $2 {[%mdl 8192]} (36. Rf1 $17) 36... Rc5 $19 37. e6 fxe6 38. Nf6+ Bxf6 39. Bxf6 {[%mdl 4096] Endgame KRB-KRN} Ne3+ 40. Kf3 Ng4 41. Bd4 Rd5 42. Rd2 {[#]} a3 $1 {[%mdl 512]} 43. bxa3 {[#]} b2 $1 {[%mdl 512]} 44. Rxb2 Rxd4 45. Rb7+ Kg8 46. Ra7 Nf6 {Precision: White = 33%, Black = 54%.} (46... Nh6 $142 47. Re7 Rd3+ 48. Kf2 Nf5 49. Rxe6 Rxg3) 0-1

[Event "19th Lviv Tradition 2018"]
[Site "Lviv"]
[Date "2018.01.26"]
[Round "8"]
[White "Kyrychenko, Maryan"]
[Black "Mosesov, Danylo"]
[Result "1/2-1/2"]
[WhiteElo "2254"]
[BlackElo "2294"]
[Annotator "TA"]
[PlyCount "61"]
[EventDate "2018.??.??"]
[EventType "tourn"]
[EventCountry "UKR"]
[SourceTitle "playchess.com"]
[Source "ChessBase"]
[SourceQuality "1"]

{[%evp 20,61,28,0,25,18,48,42,60,7,13,-2,37,50,44,13,14,11,16,0,0,-59,-52,-52,-54,-54,-57,-62,-66,-64,-18,-24,-21,-22,12,26,115,0,0,0,0,0,0,0]} 1. e4 c5 2. Nf3 e6 3. d4 cxd4 4. Nxd4 Nc6 5. Nc3 Qc7 6. Be3 a6 7. Be2 Nf6 8. a3 Be7 9. O-O O-O 10. f4 d6 11. Qd2 Rd8 {B48: Sicilian: Taimanov: 5 Nc3 Qc7 6 Be3 a6 without Be2} (11... Bd7 12. Rad1 Rac8 13. Qe1 Nxd4 14. Bxd4 Bc6 15. Bf3 Nd7 16. Kh1 e5 17. Be3 exf4 18. Bxf4 Qb6 19. Bg4 {½-½ (68) Laksana,A (2373)-Rahman,Z (2543) Kuala Lumpur 2010}) 12. Rad1 Ne5 $146 ({Predecessor:} 12... e5 13. Nb3 exf4 14. Rxf4 Be6 15. Nd5 Bxd5 16. exd5 Ne5 17. a4 Re8 18. a5 Rac8 19. c3 {½-½ (44) Rios,A (2267)-Solari,A (2414) LIPEAP corr 2003}) 13. h3 Ng6 {White is slightly better.} 14. Bf3 ({White should play} 14. Bd3 $14) 14... e5 15. Nf5 exf4 (15... Bxf5 $5 16. exf5 Nxf4 $11) 16. Nxe7+ Qxe7 17. Bxf4 (17. Bb6 {keeps more tension.} Rd7 18. Rde1 Qe5 19. Nd5 Qg5 20. Bd1) 17... Nxf4 18. Qxf4 Be6 19. Rfe1 Qc7 20. Re2 (20. Kh2 $11) 20... Qb6+ $15 21. Qe3 Qxb2 22. Na4 Qe5 23. Nb6 Rab8 24. Red2 h6 25. c4 Re8 26. Rxd6 Bxh3 27. Rxf6 $1 gxf6 (27... Qxf6 $11 28. gxh3 Qc6) 28. Qxh6 ({White must play} 28. gxh3 $16 Qg3+ 29. Kf1) 28... Be6 $1 $11 {[#] Strongly threatening ...Qc5+.The position is equal.} 29. Nd5 Bxd5 $1 30. Rxd5 Qa1+ 31. Kf2 $1 {Precision: White = 50%, Black = 32%.} 1/2-1/2

[Event "19th Lviv Tradition 2018"]
[Site "Lviv"]
[Date "2018.01.26"]
[Round "8"]
[White "Kagramanianz, Vartan"]
[Black "Molchanov, Oleksii"]
[Result "0-1"]
[WhiteElo "2247"]
[BlackElo "2329"]
[Annotator "TA"]
[PlyCount "80"]
[EventDate "2018.??.??"]
[EventType "tourn"]
[EventCountry "UKR"]
[SourceTitle "playchess.com"]
[Source "ChessBase"]
[SourceQuality "1"]

{[%evp 15,80,18,17,14,13,0,2,0,12,0,18,0,9,12,21,0,-12,-28,-5,-26,-29,-74,-54,-87,-56,-64,-54,-63,-56,-58,-47,-46,-47,-58,-50,-72,-72,-79,-80,-81,-64,-80,-77,-83,-80,-65,-65,-65,-58,-63,-49,-68,-32,-32,-8,-129,-99,-476,-471,-469,-476,-543,-418,-363,-338,-531,-503]} 1. d4 Nf6 2. Nf3 d5 3. c3 Nbd7 4. Bf4 c5 5. e3 e6 6. Nbd2 Be7 7. h3 {D02: Damenbauernspiele} b6 8. Bd3 Bb7 {LiveBook: 14 Partien} 9. O-O {Die Stellung ist ausgeglichen.} (9. Qb1 h6 10. O-O O-O 11. b4 cxb4 12. cxb4 a5 13. b5 Ba3 {0-1 (58) Artemiev,V (2663)-Idani,P (2543) Baku 2016}) 9... Ne4 10. Ne5 {Sxe4 ist eine echte Drohung.} Nxd2 11. Qxd2 {[#] zielt auf Lb5 ab.} O-O 12. Rad1 $146 ({Vorgänger:} 12. Bh2 a5 13. Rfe1 f6 14. Nxd7 Qxd7 {0-1 (31) Kayle,C (2070)-Taleb,M (2399) Dubai 2003}) 12... Nf6 13. Bg5 Qc7 (13... c4 {seems wilder.} 14. Bc2 b5 15. Qe1 a5 16. f3 h6) 14. Qe2 a5 15. Bxf6 Bxf6 16. Ng4 ({Bitte nicht} 16. Qh5 g6 $17) 16... Be7 17. b3 a4 18. dxc5 axb3 ({Ein No Go ist} 18... Bxc5 19. Nf6+ gxf6 20. Qg4+ Kh8 21. Qh4 $11) 19. axb3 Qxc5 20. c4 dxc4 21. Bxc4 h5 22. Nh2 $1 Rad8 (22... Ra5 {is more complex.} 23. Nf3 Bf6 24. Rc1 Rc8 25. Rc2 Rd8) 23. Nf3 Bf6 {[%cal Be7f6,Bf6c3,Bc3d2,Bd2f4,Bf4c7,Bc7b6][%mdl 32]} 24. Rxd8 Rxd8 25. e4 Bc6 26. Re1 b5 27. Bd3 b4 28. Bc4 Bc3 29. Rf1 g6 30. h4 Qe7 31. Ng5 Bd2 32. Nf3 Bf4 33. g3 Bc7 34. Re1 Qf6 35. Nd2 (35. Rc1 $11) 35... Bb6 36. Nf1 $2 {[%mdl 8192] [#]} (36. Kg2 $17 {leistet mehr Widerstand.}) 36... Bxe4 $1 $19 {[%mdl 512]} 37. Ne3 (37. Qxe4 Qxf2+) 37... Bf3 38. Qc2 Bb7 39. Bf1 Rc8 40. Qe2 (40. Qd2 {einziger Zug.}) 40... Rc3 {Precision: Weiß = 43%, Schwarz = 59%.} 0-1

[Event "19th Lviv Tradition 2018"]
[Site "Lviv"]
[Date "2018.01.26"]
[Round "8"]
[White "Medvedyk, Volodymyr"]
[Black "Kryvoruchko, Vita"]
[Result "1-0"]
[WhiteElo "2116"]
[BlackElo "2192"]
[Annotator "TA"]
[PlyCount "55"]
[EventDate "2018.??.??"]
[EventType "tourn"]
[EventCountry "UKR"]
[SourceTitle "playchess.com"]
[Source "ChessBase"]
[SourceQuality "1"]

{[%evp 14,55,8,6,7,1,20,6,20,17,27,7,18,0,0,0,0,0,0,0,17,8,44,33,56,51,57,44,70,43,442,432,439,429,432,431,453,458,457,444,406,421,1345,1334]} 1. e4 c5 2. Nf3 d6 3. c3 Nf6 4. h3 e6 5. Bd3 Be7 6. Bc2 Nc6 7. d4 {B50: Sicilian: 2...d6, Miscellaneous} (7. O-O O-O 8. Re1 b6 9. a3 Bb7 10. d4 cxd4 11. cxd4 d5 12. e5 Ne4 13. Nbd2 Na5 14. Nxe4 dxe4 15. Bxe4 Bxe4 16. Rxe4 Qd5 17. Rg4 Rfc8 18. Bh6 g6 19. Nd2 Nc6 20. Ne4 Nxd4 21. Nc3 {1-0 (21) Bruzon Batista,L (2661)-Delgado Ramos,H (2445) Panama City 2017}) 7... cxd4 8. cxd4 {LiveBook: 3 Games} Nb4 9. Ba4+ {The position is equal.} Bd7 10. Nc3 O-O 11. Bxd7 Qxd7 12. a3 $146 ({Predecessor:} 12. O-O d5 13. Ne5 Qd8 {0-1 (13) Jaeger,E (2017)-Pfaff,H (2360) GER email 2008}) 12... Nc6 13. d5 exd5 14. exd5 Ne5 15. O-O Rac8 16. Re1 Nc4 17. Qd3 Rfe8 18. b3 Nb6 19. Be3 Bd8 20. a4 a6 21. Bd4 $36 {[%mdl 2048] White has some pressure.} Nbxd5 $2 {[%mdl 8192]} ({Black should play} 21... h6 $14) 22. Nxd5 $18 Nxd5 {[#]} 23. Qf5 $1 {[%cal Rf5d7][%mdl 512]} Re6 (23... Qxf5 24. Rxe8#) 24. Qxd5 Bf6 25. Bxf6 Rxf6 26. Rac1 Rxc1 27. Rxc1 {Strongly threatening Ne5!} Rg6 {[#]} (27... Rf5 $142 28. Qd4 h6) 28. Ne5 $1 {[%mdl 512] Precision: White = 82%, Black = 45%.} 1-0

[Event "19th Lviv Tradition 2018"]
[Site "Lviv"]
[Date "2018.01.27"]
[Round "9"]
[White "Molchanov, Oleksii"]
[Black "Kyrychenko, Maryan"]
[Result "1/2-1/2"]
[WhiteElo "2329"]
[BlackElo "2254"]
[Annotator "TA"]
[PlyCount "61"]
[EventDate "2018.??.??"]
[EventType "tourn"]
[EventCountry "UKR"]
[SourceTitle "playchess.com"]
[Source "ChessBase"]
[SourceQuality "1"]

{[%evp 21,61,3,11,6,1,12,5,6,5,6,10,-14,-8,-14,-9,-10,-10,-10,0,-8,0,-33,-13,-16,0,-3,-5,-17,0,-3,3,-19,0,0,0,0,0,0,0,0,-5,-5]} 1. e4 e6 2. d4 d5 3. exd5 exd5 4. Nf3 Nf6 5. Bd3 Bd6 6. O-O O-O 7. Bg5 Bg4 8. Nbd2 Nbd7 9. c3 h6 {C01: French: Exchange Variation} 10. Bh4 c6 11. Qc2 Qc7 {LiveBook: 6 Games} 12. Bg3 Bxg3 13. hxg3 Rae8 14. Rfe1 Rxe1+ 15. Rxe1 Re8 16. Bf5 {[#] Rxe8+ is the strong threat.} Bxf5 17. Qxf5 g6 18. Rxe8+ Nxe8 19. Qd3 Kg7 {[#]} 20. Qe2 $146 ({Find the theoretical novelty and annotate with similar games:} 20. Nf1 Nd6 21. Ne3 Qb6 22. Qc2 Qd8 23. Qd3 Qb6 24. Qc2 Qd8 25. Qd3 {½-½ (25) Svidler,P (2745)-Anand,V (2776) Moscow 2016}) 20... Nd6 21. Kf1 Nf6 (21... h5 {NOTEXT} 22. Nh2 Qb6 23. Ndf3 Nf6 24. Ne5 Qc7) 22. Qe5 {The position is equal.} Nde8 (22... h5 {NOTEXT} 23. Ne1 Qd8 24. Nd3 Kg8 25. Qg5 Nf5) 23. Qxc7 (23. Nb3 {NOTEXT} Qd8 24. g4 Kg8 25. g5 Nd7 26. Qf4) 23... Nxc7 $11 {[%mdl 4096] Endgame KNN-KNN} 24. Ne5 Kf8 25. Ke2 Ke7 26. Kd3 (26. g4 {NOTEXT} h5 27. gxh5 Nxh5 28. a4 g5 29. Kf3) 26... Nd7 27. Nxd7 Kxd7 28. Nf3 Ke6 29. Ke3 f6 30. g4 Ne8 31. Nd2 {Precision: White = 57%, Black = 48%.} 1/2-1/2

[Event "19th Lviv Tradition 2018"]
[Site "Lviv"]
[Date "2018.01.27"]
[Round "9"]
[White "Moliboga, V.."]
[Black "Sevostianov, Pavel"]
[Result "1/2-1/2"]
[WhiteElo "2310"]
[BlackElo "2266"]
[Annotator "TA"]
[PlyCount "63"]
[EventDate "2018.??.??"]
[EventType "tourn"]
[EventCountry "UKR"]
[SourceTitle "playchess.com"]
[Source "ChessBase"]
[SourceQuality "1"]

{[%evp 18,63,37,17,26,39,44,15,8,0,8,8,0,0,25,0,0,0,0,0,0,0,0,0,0,0,0,0,0,0,0,-20,-8,-21,-3,-11,-9,-15,-13,-12,-10,-13,-13,-10,-3,-8,-3,-12]} 1. c4 e5 2. Nc3 Nf6 3. Nf3 Nc6 4. g3 Bb4 5. Bg2 O-O 6. O-O d6 7. d3 h6 {A29: Englische Eröffnung (Vierspringer-Variante)} (7... Re8 8. Rb1 Bg4 9. h3 Be6 10. Bg5 h6 11. Bxf6 Qxf6 12. Nd5 Bxd5 13. cxd5 Nd4 14. Nxd4 exd4 15. Qb3 {0-1 (50) Eljanov,P (2711)-Kryvoruchko,Y (2689) Riadh 2017}) 8. Na4 a5 9. b3 Re8 10. Bb2 {LiveBook: 4 Partien} Bd7 11. e3 Qc8 12. a3 Bc5 $1 13. Nxc5 dxc5 14. d4 e4 {[#] Und ...Lg4 würde nun gewinnen.} 15. Ne5 cxd4 16. Nxc6 (16. exd4 {with more complications.} Bh3 17. Re1 Bxg2 18. Kxg2 Qf5 19. g4) 16... Bg4 $146 {Die Stellung ist ausgeglichen.} 17. f3 (17. Qc2 {seems wilder.} bxc6 18. Bxd4 Nh7 19. h4 Bf3 20. Kh2) 17... exf3 18. Bxf3 bxc6 19. Qxd4 Bxf3 20. Rxf3 Qe6 21. Raf1 Re7 22. Qc3 Ne8 {[%cal Bf6e8,Be8d6,Bd6e4][%mdl 32]} 23. a4 c5 24. Re1 f5 25. e4 Nd6 26. e5 Ne4 27. Qc2 $1 Rf8 28. Rd3 Qg6 29. Rf1 f4 {[#] Droht stark ...Tef7.} 30. Rdf3 {Schwarz muss nun Te1 beachten.} Ref7 {[%cal Rf4g3]} 31. e6 $1 {[%cal Re6f7]} Qxe6 {...Sg5 ist eine echte Drohung.} 32. Rxf4 {Precision: Weiß = 85%, Schwarz = 82%.} 1/2-1/2

[Event "19th Lviv Tradition 2018"]
[Site "Lviv"]
[Date "2018.01.27"]
[Round "9"]
[White "Mosesov, Danylo"]
[Black "Medvedyk, Volodymyr"]
[Result "1-0"]
[WhiteElo "2294"]
[BlackElo "2116"]
[Annotator "TA"]
[PlyCount "61"]
[EventDate "2018.??.??"]
[EventType "tourn"]
[EventCountry "UKR"]
[SourceTitle "playchess.com"]
[Source "ChessBase"]
[SourceQuality "1"]

{[%evp 15,60,0,7,0,-5,0,40,-5,6,2,17,20,63,73,98,12,43,0,13,-11,30,29,21,16,33,9,155,147,227,224,229,225,682,633,468,422,481,463,506,469,432,66,29987,29988,29998,29999,29999]} 1. e4 e5 2. Nf3 Nc6 3. Bb5 {[%cal Bf1b5,Bb5a4,Ba4b3,Bb3c2][%mdl 32]} a6 4. Ba4 Nf6 5. d3 Bc5 6. O-O b5 7. Bb3 d6 8. c3 h6 9. h3 {C78: Ruy Lopez: Archangelsk and Möller Defences} (9. Re1 O-O 10. Nbd2 Ne7 11. a4 b4 12. d4 bxc3 13. bxc3 exd4 14. cxd4 Bb4 15. Re3 Ng6 16. h3 a5 {0-1 (65) Zhigalko,S (2638)-Giri,A (2762) Heraklio 2017}) 9... O-O 10. Re1 Be6 11. Bc2 {White is slightly better.} d5 12. exd5 Nxd5 13. Nbd2 $146 ({Predecessor:} 13. Nxe5 Bxf2+ 14. Kxf2 Nxe5 15. d4 Qf6+ {0-1 (28) Poling,S (1677)-Steger,A (2029) San Francisco 2014}) 13... b4 14. Ne4 Bb6 15. Bd2 (15. Ba4 $16 Nde7 16. cxb4) 15... a5 {[%cal Ba6a5,Ba5a4,Ba4a3][%mdl 32]} 16. Qe2 a4 17. Rad1 a3 18. d4 $1 {aiming for c4.} bxc3 (18... axb2 19. dxe5 Rxa2 20. c4 $11) 19. bxc3 exd4 20. cxd4 Qe7 (20... Nxd4 $6 21. Nxd4 Bxd4 22. Qd3 $16) (20... Ndb4 $11 21. Bxb4 Nxb4) 21. Ng3 Rfd8 (21... Ncb4 $16 {is a better defense.} 22. Bxb4 Nxb4) 22. Qe4 $18 {Qh7+ would kill now.} g6 23. Bxh6 {And now Bg5 would win.} Nc3 $2 (23... Ba5 24. Bg5 Qf8) 24. Qxc6 Nxd1 25. Rxd1 ({Not} 25. Bxd1 Qd7 $18) 25... Bd5 26. Qc3 Ba5 27. Qd3 Bxa2 28. Ne5 $2 ({White should try} 28. Bg5 $18 f6 29. Qxg6+ Qg7 30. Qxg7+ Kxg7 31. Nh5+ Kf8 32. Nxf6) 28... Bd5 $2 {[%mdl 8192] [#]} (28... Qxe5 $14 29. dxe5 Rxd3 30. Rxd3 (30. Bxd3 Bb3 $15) 30... Bb4) 29. Nxg6 $1 {White mates.} Qf6 {[#]} (29... fxg6 30. Qxg6+) 30. Ne7+ $1 {[%mdl 512]} Qxe7 31. Qh7# {Precision: White = 50%, Black = 23%.} 1-0

[Event "19th Lviv Tradition 2018"]
[Site "Lviv"]
[Date "2018.01.27"]
[Round "9"]
[White "Bykovskiy, Oleg"]
[Black "Kagramanianz, Vartan"]
[Result "1-0"]
[WhiteElo "2197"]
[BlackElo "2247"]
[Annotator "NA"]
[PlyCount "89"]
[EventDate "2018.??.??"]
[EventType "tourn"]
[EventCountry "UKR"]
[SourceTitle "playchess.com"]
[Source "ChessBase"]
[SourceQuality "1"]
[TimeControl "5400+30"]

1. e4 e6 2. d4 d5 3. Nc3 Bb4 4. e5 Qd7 5. a3 Bxc3+ 6. bxc3 b6 7. Qg4 f5 8. Qg3 Ba6 9. Bxa6 Nxa6 10. Ne2 Kf7 11. a4 Nb8 12. h4 Ne7 13. h5 h6 14. Nf4 Nbc6 15. Ba3 Rhe8 16. Ng6 Kg8 17. Rh4 Rec8 18. Ke2 Qe8 19. Rg1 Nxg6 20. hxg6 Ne7 21. Bxe7 Qxe7 22. Rgh1 c5 23. Rxh6 gxh6 24. Rxh6 cxd4 25. Rh7 Qc7 26. Rxc7 Rxc7 27. cxd4 Rxc2+ 28. Ke1 Rac8 29. Qh4 R2c7 30. g4 f4 31. Qh6 Rg7 32. Qg5 Rf8 33. f3 Rc7 34. Qh6 Rg7 35. Kd2 Rc8 36. Kd3 a6 37. Qxf4 Rxg6 38. Qg3 Rf8 39. f4 Rf7 40. Ke3 b5 41. axb5 axb5 42. Qh4 b4 43. Qd8+ Kg7 44. g5 b3 45. Qb6 1-0